Analýza pohybu a štruktúry pracovníkov v spoločnosti Chemkostav, a.s. bakalárska práca

Salvato in:
Dettagli Bibliografici
Autore principale: Petraničová, Oľga
Ente Autore: Podnikovohospodárska fakulta EU so sídlom v Košiciach. Katedra manažmentu
Altri autori: Brosinger, Vladimír
Natura: Libro
Lingua:slovacco
Pubblicazione: Košice 2009
Tags: Aggiungi Tag
Nessun Tag, puoi essere il primo ad aggiungerne!!

MARC

LEADER 00000nam$a2200000$$$4500
001 0106810
005 20240318131013.7
041 0 |a slo 
044 |a SK 
245 1 0 |a Analýza pohybu a štruktúry pracovníkov v spoločnosti Chemkostav, a.s.  |b bakalárska práca  |c Oľga Petraničová ; škol. Vladimír Brosinger 
264 1 |a Košice  |c 2009 
300 |a 68 s. 
100 1 |a Petraničová, Oľga 
700 1 |a Brosinger, Vladimír 
710 2 |a Podnikovohospodárska fakulta EU so sídlom v Košiciach. Katedra manažmentu